The Last Jungle Book 1 Man /

Just outside Delhi, the capital of India, a man called Mowgli rents a house on the outskirts of the jungle, where he plans to live out the rest of his days. The forest is not nearly as vast as it once was, but the air, the trees and the hills still retain a thousand memories: the cries of birds lon...

Full description

Bibliographic Details
Corporate Author: Library Pass, LLC
Other Authors: Desberg, Stephen (writer.)
Format: eBook
Language:English
Published: [United States] : Europe Comics, 2022.
Subjects:
Online Access:Connect to this electronic book (First time users create your free account)

MARC

Tag First Indicator Second Indicator Subfields
LEADER 00000nmm a22000001a 4500
001 in00004607222
006 m|||||o||m||||||||
007 cr|cn |||uuuuu
008 221118s2022 xxu||||eo|||| ||||||eng d
005 20221207212725.3
035 |a (TxWaIVM)IV88626EuTh 
040 |a TxWaIVM  |c TxWaIVM 
245 0 4 |a The Last Jungle Book 1 Man /  |c powered by Library Pass. 
260 3 |a [United States] :  |b Europe Comics,  |c 2022. 
300 |a 1 online resource. 
336 |a text  |b txt  |2 rdacontent 
337 |a computer  |b c  |2 rdamedia 
338 |a online resource  |b cr  |2 rdacarrier 
520 |a Just outside Delhi, the capital of India, a man called Mowgli rents a house on the outskirts of the jungle, where he plans to live out the rest of his days. The forest is not nearly as vast as it once was, but the air, the trees and the hills still retain a thousand memories: the cries of birds long departed, the calls of brother wolves that have since died off, the rage of a jealous tiger... For Mowgli, the jungle is the stomping ground of his childhood and his path to adolescence, including the undeniable need to grow up and leave it. For Mowgli, it is time to rediscover the jungle so as to prevent the world of men from stealing away his innocence and his illusions. For this man growing ever older, these memories take him back to a time when all he had to do was learn, and not yet pay the price of his mistakes... 
521 |a 4 
538 |a Requires a valid library card and registration for new users. 
538 |a Mode of access: World Wide Web. 
538 |a System requirements: Flash 10.1 or higher, Windows XP and higher, Internet Explorer 7 and higher, Firefox 3.6 and higher, Google Chrome; Max OS 10.5 and higher, Safari 4 and higher. 
650 0 |a Comic books, strips, etc. 
655 7 |a Electronic books.  |2 local 
655 7 |a Comic books, strips, etc.  |2 gsafd 
650 0 |a Motion pictures and comic books 
655 7 |a Motion pictures and comic books  |2 gsafd 
650 0 |a Animals 
655 7 |a Animals  |2 gsafd 
650 0 |a Literary 
655 7 |a Literary  |2 gsafd 
700 1 |a Desberg, Stephen.  |e writer. 
700 1 |a Reculé, Henri.  |e artist. 
710 2 |a Library Pass, LLC. 
856 4 0 |u http://proxy.library.tamu.edu/login?url=https://tamu.librarypass.com/product/europe.comics.the.last.jungle.book.1.man.english.10272022  |z Connect to this electronic book (First time users create your free account)  |t 0 
955 |a Comics Plus. 
999 f f |s da60712d-3654-41be-9ba6-8b39e971539b  |i 853b853a-c63f-48a2-b3ad-bcce0bd3f77e  |t 0 
952 f f |a Texas A&M University  |b College Station  |c Electronic Resources  |d Available Online  |t 0  |h Library of Congress classification 
998 f f |t 0  |l Available Online